History Quiz

Random History or Year Quiz

Historical Events of 1915 Quiz Stats

 Plays Quiz Updated Mar 11, 2016

Challenge
Share
Tweet
Embed
Score 0/20 Timer 05:00
1 Play Today
Question Answer % Correct
To greatly extend their control of Manchuria, Japan made Twenty-One Demands to this countryChina
95.8%
This German born theoretical physicist formulated the general theory of relativityAlbert Einstein
82.7%
This famous MLB player hit his first career home run for the Boston Red SoxGeorge 'Babe' Ruth
79%
William J. Simmons revived this Civil War era racist organization at Stone Mountain, GeorgiaKu Klux Klan
77.6%
This British liner was sunk by a U-Boat off southern Ireland with losses of 1,195 lives including 128 AmericansRMS Lusitania
72.3%
A prototype of this military machine was first tested by the British ArmyTank
72%
This type of rigid airship, named for a German Count, bombed the coastal towns of Great Yarmouth and King's Lynn in EnglandZeppelin
71.7%
This country declared war on Austria-Hungary and joined the AlliesItaly
60.4%
William Morris Hughes became the 7th Prime Minister of this countryAustralia
53.5%
The USA began the occupation of this Caribbean nation to safeguard the interests of US corporationsHaiti
50.2%
Question Answer % Correct
This ill-fated allied campaign named after a peninsula in Turkey beganGallipoli Campaign
49.6%
This controversial film premiered in Los Angeles and was the highest-grossing film for around 25 yearsThe Birth of a Nation
47.6%
A hurricane severely damaged this Texan city 15 years after a similar event in 1900Galveston
44.2%
This film, in which Charlie Chaplin plays a heroic hobo, was releasedThe Tramp
35.9%
The beginning of the Second Battle of this Flemish town saw the first large scale use of poison gas on the Western FrontYpres
33.8%
This General of the Mexican Revolution was defeated by General Obregón at León in MexicoFrancisco 'Pancho' Villa
30.9%
This famous WWI poem was written by Canadian soldier John McCraeIn Flanders Fields
25.3%
This British Prime Minister formed his second ministry, an all-party coalitionHerbert Asquith
12.5%
This British nurse was executed by a German firing squad for helping Allied soldiers escape from BelgiumEdith Cavell
9.9%
This British White Star liner, sister ship of the Titanic and Olympic, was acquisitioned as a hospital shipRMS Britannic
9.7%

You're not logged in!

Compare scores with friends on all Sporcle quizzes.
Join for Free
OR
Log In

You Might Also Like...

Show Comments

Extras

Top Quizzes Today


Score Distribution

Your Account Isn't Verified!

In order to create a playlist on Sporcle, you need to verify the email address you used during registration. Go to your Sporcle Settings to finish the process.

Report this User

Report this user for behavior that violates our Community Guidelines.

Details: